Bridge Crossings - Statistics

General Stats
  • This quiz has been taken 5 times
  • The average score is 18 of 26
Answer Stats
Bridge Place 1 Place 2 % Correct
2) King Fahd Causeway Saudi Arabia Bahrain
100%
1) Oresund Bridge Sweden Denmark
100%
4) Channel tunnel United Kingdom France
100%
7) Red Brick Bridge Georgia Azerbaijan
80%
18) Tancredo Neves Bridge Argentina Brazil
80%
6) Ambassador Bridge USA Canada
80%
5) 3 Countries Bridge France/Switz Germany
80%
21) Bridge of the Americas USA (Texas) Mexico
80%
9) Sino-Nepal Friendship Bridge China Nepal
80%
15) New Europe Bridge Bulgaria Romania
80%
22) Eurasian Land Bridge China Russia
80%
3) Golden Gate Bridge Marin County San Francisco
80%
3) Johor Causeway Malaysia Singapore
80%
17) Svinesund Bridge Norway Sweden
80%
10) Bukit Bunga-Ban Buketa Malaysia Thailand
80%
13) Victoria Falls Bridge Zambia Zimbabwe
80%
19) Takutu River Bridge Brazil Guyana
60%
8) Changbai-Hyesan Bridge China North Korea
60%
14) Rača Bridge Bosnia Serbia
60%
16) Mária Valéria Bridge Hungary Slovakia
60%
12) Katima Mulilo Bridge Namibia Zambia
60%
20) Rumichaca Bridge Colombia Ecuador
40%
23) Brücke von Andau Austria Hungary
40%
25) Queen Louise Bridge Russia Lithuania
40%
24) Sauer Valley Bridge Germany Luxembourg
40%
11) Songwe Bridge Malawi Tanzania
40%
No matching quizzes found
Score Distribution
Percent of People with Each Score
Percentile by Number Answered
Your Score History
You have not taken this quiz